[Event "45th Olympiad Budapest 2024"]
[Site "Budapest"]
[Date "2024.09.13"]
[Round "3"]
[Board "4"]
[White "Musabayeva, Diana"]
[Black "Real Puigdollers, Silvia"]
[Result "1-0"]
[WhiteElo "1911"]
[BlackElo "1781"]
[PlyCount "91"]
[EventDate "2024.09.11"]
[EventType "team-tourn"]
[EventRounds "11"]
[EventCountry "HUN"]
[WhiteTeam "Belgium"]
[BlackTeam "Andorra"]
[WhiteTeamCountry "BEL"]
[BlackTeamCountry "AND"]

1. e4 {[%emt 0:00:02]} d5 {[%emt 0:00:07]} 2. exd5 {[%emt 0:00:05]} Qxd5 {[%emt 0:00:05]} 3. Nc3 {[%emt 0:00:06]} Qd8 {[%emt 0:00:07]} 4. d4 {[%emt 0:01:15]} Nf6 {[%emt 0:00:17]} 5. Nf3 {[%emt 0:05:02]} g6 {[%emt 0:00:23]} 6. Bc4 {[%emt 0:01:58]} Bg7 {[%emt 0:00:53]} 7. O-O {[%emt 0:02:03]} O-O {[%emt 0:00:07]} 8. h3 {[%emt 0:02:10]} Nc6 {[%emt 0:04:34]} 9. Be3 {[%emt 0:02:42]} ({RR} 9. Re1 e6 10. a4 b6 11. Bf4 Bb7 12. Nb5 Rc8 13. c3 a6 14. Na3 Ne7 15. Qe2 Ra8 16. Nc2 Nf5 17. Nb4 Nd5 18. Nxd5 Bxd5 19. Bxd5 exd5 20. Ne5 Re8 21. Qf3 a5 22. g4 Nh4 23. Qg3 g5 {1-0 Caruana,F (2819)-Duda,J (2729) Paris GCT blitz 2019 (6)}) ({RR} 9. Bg5 b6 10. Qd2 Bb7 11. Rad1 a6 12. a4 Qd6 13. Qe2 Rfd8 14. Rfe1 Na5 15. Ba2 e6 16. Ne5 Qb4 17. Nxf7 Re8 18. Bxe6 Bc8 19. d5 Bxe6 20. dxe6 Qxb2 21. Bxf6 Bxf6 22. Nd5 Bg7 23. Nxc7 Nc6 {1-0 Poddubnyi,V (2304)-Ambrogi,A (2262) Titled Tue 2nd Jan Early 2024 (11)}) 9... b6 {[%emt 0:04:16]} 10. a3 {[%emt 0:11:27]} Bb7 {[%emt 0:00:49]} 11. Qe2 {[%emt 0:03:20]} a6 $146 {[%emt 0:11:14]} ({RR} 11... e6 12. Rad1 Ne7 13. Ne5 a6 14. Bg5 h6 15. Bc1 Nf5 16. Be3 Nh4 17. f3 Nh5 18. Qf2 Nf5 19. Bc1 c5 20. dxc5 Qc7 21. Ng4 bxc5 22. Ne2 Rad8 23. c3 Kh7 24. Ba2 a5 25. Bc4 Nd6 26. Ba2 {0-1 Jakovenko,D (2698)-Duda,J (2758) Wch Blitz Moscow 2019 (8)}) 12. Rad1 {[%emt 0:05:14]} Qc8 {[%emt 0:11:47]} 13. Bf4 {[%emt 0:06:43]} Nh5 {[%emt 0:07:34]} 14. Bh2 {[%emt 0:01:57]} Na5 {[%emt 0:09:28]} 15. Bd5 {[%emt 0:04:38]} e6 {[%emt 0:05:22]} 16. Bxb7 {[%emt 0:03:55]} Nxb7 {[%emt 0:00:09]} 17. Ne4 {[%emt 0:13:13]} Nf6 {[%emt 0:05:28]} 18. Be5 {[%emt 0:06:31]} Nxe4 {[%emt 0:01:37]} 19. Qxe4 {[%emt 0:00:40]} Nd6 {[%emt 0:00:50]} 20. Qc6 {[%emt 0:01:38]} Rd8 {[%emt 0:02:39]} 21. Rd3 {[%emt 0:04:38]} Qd7 {[%emt 0:04:31]} 22. Qxd7 {[%emt 0:04:40]} Rxd7 {[%emt 0:00:10]} 23. b3 {[%emt 0:00:52]} Rad8 {[%emt 0:00:40]} 24. Bxg7 {[%emt 0:01:06]} Kxg7 {[%emt 0:00:26]} 25. Ne5 {[%emt 0:00:08]} Nb5 {[%emt 0:02:11]} 26. Nxd7 {[%emt 0:00:39]} Rxd7 {[%emt 0:00:09]} 27. c3 {[%emt 0:01:55]} e5 {[%emt 0:03:05]} 28. a4 {[%emt 0:00:56]} e4 {[%emt 0:01:41]} 29. Re3 {[%emt 0:01:35]} Nd6 {[%emt 0:00:11]} 30. f3 {[%emt 0:01:28]} f5 {[%emt 0:00:36]} 31. fxe4 {[%emt 0:01:43]} Nxe4 {[%emt 0:00:14]} 32. g4 {[%emt 0:01:12]} Rf7 {[%emt 0:04:19]} 33. Rxe4 {[%emt 0:03:44]} fxe4 {[%emt 0:00:26]} 34. Rxf7+ {[%emt 0:00:04]} Kxf7 {[%emt 0:00:21]} 35. Kf2 {[%emt 0:00:02]} Kf6 {[%emt 0:08:12]} 36. Ke3 {[%emt 0:00:07]} Kg5 {[%emt 0:00:58]} 37. Kxe4 {[%emt 0:01:21]} Kh4 {[%emt 0:00:15]} 38. Kf4 {[%emt 0:01:38]} h5 {[%emt 0:02:17]} 39. a5 {[%emt 0:01:38]} b5 {[%emt 0:02:08]} 40. c4 {[%emt 0:00:41]} b4 {[%emt 0:00:14]} 41. d5 {[%emt 0:00:44]} Kxh3 {[%emt 0:00:41]} 42. gxh5 {[%emt 0:00:42]} gxh5 {[%emt 0:00:58]} 43. c5 {[%emt 0:00:10]} h4 {[%emt 0:02:58]} 44. Kf3 {[%emt 0:00:54]} Kh2 {[%emt 0:02:53]} 45. d6 {[%emt 0:00:07]} cxd6 {[%emt 0:07:16]} 46. cxd6 {[%emt 0:01:49]} 1-0

[Event "45th Olympiad Budapest 2024"]
[Site "Budapest"]
[Date "2024.09.13"]
[Round "3"]
[Board "3"]
[White "Nandin-Erdene, Davaademberel"]
[Black "Banda, Natalie Katlo"]
[Result "1-0"]
[WhiteElo "2039"]
[BlackElo "1893"]
[PlyCount "79"]
[EventDate "2024.09.11"]
[EventType "team-tourn"]
[EventRounds "11"]
[EventCountry "HUN"]
[WhiteTeam "Hungary C"]
[BlackTeam "Botswana"]
[BlackTeamCountry "BOT"]

1. Nf3 {[%emt 0:00:04]} d5 {[%emt 0:00:18]} 2. g3 {[%emt 0:00:06]} Nf6 {[%emt 0:00:17]} 3. Bg2 {[%emt 0:00:06]} c6 {[%emt 0:01:21]} 4. O-O {[%emt 0:00:10]} Bg4 {[%emt 0:00:56]} 5. h3 {[%emt 0:02:32]} Bxf3 {[%emt 0:02:28]} 6. Bxf3 {[%emt 0:02:20]} Qd7 {[%emt 0:00:09]} ({RR} 6... Nbd7 7. d3 e5 8. e4 dxe4 9. dxe4 Bc5 10. Bg2 Qe7 11. a4 O-O 12. Qe2 a5 13. Nd2 Rfd8 14. Nb3 Bb6 15. Bd2 Nc5 16. Nxc5 Bxc5 17. Rfd1 h6 18. Be1 Nd7 19. h4 Bb6 20. Qc4 Nc5 21. b3 {½-½ Giri,A (2782)-Kramnik,V (2812) Paris GCT blitz 2016 (10)}) 7. Bg2 {[%emt 0:00:26]} e5 {[%emt 0:01:02]} 8. d3 {[%emt 0:00:19]} Bc5 $146 {[%emt 0:00:43]} ({RR} 8... h5 9. e3 Na6 10. a3 Nc7 11. Nd2 Bd6 12. c4 Ne6 13. Qe2 h4 14. g4 O-O-O 15. b4 Bc7 16. cxd5 cxd5 17. Bb2 d4 18. Qf3 Nd5 19. Ne4 Kb8 20. Rac1 Bb6 21. Nc5 Bxc5 22. bxc5 Ng5 23. Qe2 {1-0 Janev,E (2487)-Roeder,M (2469) Odivelas 2nd 2001 (4)}) ({RR} 8... Be7 9. e4 O-O 10. Qe2 Qc7 11. Nd2 Re8 12. Re1 Nbd7 13. Nf1 Bc5 14. Bd2 a5 15. a4 Bb4 16. c3 Bf8 17. b4 Nb6 18. Reb1 axb4 19. a5 Nc8 20. cxb4 dxe4 21. dxe4 Nd6 22. Bg5 Be7 23. Rc1 {½-½ Khotenashvili,B (2480)-Lee,A (2388) Women's World Teams Final 2023 (2.2)}) 9. Nd2 {[%emt 0:00:55]} O-O {[%emt 0:09:31]} 10. e4 {[%emt 0:05:09]} dxe4 {[%emt 0:05:32]} 11. dxe4 {[%emt 0:01:03]} Rd8 {[%emt 0:03:19]} 12. Qe2 {[%emt 0:02:06]} Qe6 {[%emt 0:01:52]} 13. Nf3 {[%emt 0:04:58]} Nbd7 {[%emt 0:02:44]} 14. b3 {[%emt 0:03:04]} a5 {[%emt 0:02:48]} 15. a3 {[%emt 0:03:34]} b5 {[%emt 0:04:28]} 16. Bb2 {[%emt 0:02:51]} Bd6 {[%emt 0:04:17]} 17. Nh4 {[%emt 0:12:04]} a4 {[%emt 0:04:41]} 18. b4 {[%emt 0:07:21]} Nb6 {[%emt 0:01:39]} 19. f4 {[%emt 0:10:42]} Nc4 {[%emt 0:01:04]} 20. Bc3 {[%emt 0:02:47]} c5 {[%emt 0:03:29]} 21. Nf5 {[%emt 0:11:08]} cxb4 {[%emt 0:03:46]} 22. Nxd6 {[%emt 0:02:53]} Qxd6 {[%emt 0:01:54]} 23. Bxb4 {[%emt 0:02:17]} Qd4+ {[%emt 0:00:34]} 24. Kh2 {[%emt 0:09:11]} Qe3 {[%emt 0:04:18]} 25. Rae1 {[%emt 0:05:33]} exf4 {[%emt 0:06:20]} 26. gxf4 {[%emt 0:00:52]} Qxe2 {[%emt 0:00:25]} 27. Rxe2 {[%emt 0:00:03]} Ra7 {[%emt 0:00:25]} 28. e5 {[%emt 0:06:25]} Nd5 {[%emt 0:01:58]} 29. Rd1 {[%emt 0:01:34]} Rad7 {[%emt 0:03:45]} 30. Bxd5 {[%emt 0:01:11]} Rxd5 {[%emt 0:00:06]} 31. Rxd5 {[%emt 0:00:03]} Rxd5 {[%emt 0:00:06]} 32. Kg3 {[%emt 0:00:40]} Rd1 {[%emt 0:01:59]} 33. f5 {[%emt 0:00:25]} Rd5 {[%emt 0:06:39]} 34. e6 {[%emt 0:00:43]} fxe6 {[%emt 0:00:15]} 35. fxe6 {[%emt 0:00:23]} Re5 {[%emt 0:01:00]} 36. Rf2 {[%emt 0:00:11]} Re3+ {[%emt 0:05:04]} 37. Kg2 {[%emt 0:00:59]} g6 {[%emt 0:03:20]} 38. Rf8+ {[%emt 0:00:20]} Kg7 {[%emt 0:00:05]} 39. e7 {[%emt 0:00:08]} Nxa3 {[%emt 0:02:06]} 40. Bxa3 {[%emt 0:00:51]} 1-0

[Event "45th Olympiad Budapest 2024"]
[Site "Budapest"]
[Date "2024.09.13"]
[Round "3"]
[Board "4"]
[White "Mosweu, Atlang Amolemo"]
[Black "Sipos, Stefania"]
[Result "0-1"]
[WhiteElo "1797"]
[BlackElo "1993"]
[PlyCount "98"]
[EventDate "2024.09.11"]
[EventType "team-tourn"]
[EventRounds "11"]
[EventCountry "HUN"]
[WhiteTeam "Botswana"]
[BlackTeam "Hungary C"]
[WhiteTeamCountry "BOT"]

1. d4 {[%emt 0:00:04]} Nf6 {[%emt 0:00:07]} 2. Bf4 {[%emt 0:00:06]} g6 {[%emt 0:00:06]} 3. Nc3 {[%emt 0:00:12]} d5 {[%emt 0:00:17]} 4. Qd2 {[%emt 0:00:07]} Bg7 {[%emt 0:07:02]} 5. O-O-O {[%emt 0:04:13]} O-O {[%emt 0:01:26]} 6. Bh6 {[%emt 0:06:13]} ({RR} 6. h4 h5 7. f3 Nbd7 8. g4 c6 9. Bg5 b5 10. e3 b4 11. Na4 Qa5 12. b3 Nb6 13. a3 Nxa4 14. axb4 Qb6 15. bxa4 a5 16. b5 Bd7 17. Bxf6 Bxf6 18. gxh5 cxb5 19. hxg6 bxa4 20. Qg2 fxg6 {1-0 Rubio Tent,F (2283)-Winkels,M (1896) Titled Tue 6th Feb Late 2024 (7)}) 6... c6 {[%emt 0:33:25]} 7. h4 {[%emt 0:07:11]} b5 {[%emt 0:04:49]} 8. h5 {[%emt 0:08:14]} Bxh6 $146 {[%emt 0:06:50]} ({RR} 8... b4 9. Nb1 Bf5 10. hxg6 fxg6 11. f3 Nbd7 12. g4 Be6 13. Bxg7 Kxg7 14. Qh6+ Kg8 15. Nh3 Re8 16. Ng5 Nf8 17. e4 dxe4 18. Nxe6 Nxe6 19. Bc4 Qd6 20. fxe4 Kh8 21. e5 Qd7 22. Bxe6 Qxe6 23. exf6 {1-0 Leu,D (1810)-Yilmaz,B (1779) ECTCC Youth 2023 (5.6)}) 9. Qxh6 {[%emt 0:00:17]} gxh5 {[%emt 0:13:24]} 10. e3 {[%emt 0:05:02]} Bf5 {[%emt 0:08:43]} 11. f3 {[%emt 0:09:29]} b4 {[%emt 0:05:07]} 12. Na4 {[%emt 0:05:52]} Kh8 {[%emt 0:01:46]} 13. Bd3 {[%emt 0:00:42]} Bxd3 {[%emt 0:02:24]} 14. Rxd3 {[%emt 0:00:13]} Rg8 {[%emt 0:01:19]} 15. Rd2 {[%emt 0:02:46]} Nbd7 {[%emt 0:01:41]} 16. Qf4 {[%emt 0:02:26]} Qa5 {[%emt 0:01:04]} 17. b3 {[%emt 0:06:40]} Rac8 {[%emt 0:01:00]} 18. Kb2 {[%emt 0:01:07]} c5 {[%emt 0:02:58]} 19. Nxc5 {[%emt 0:01:01]} Nxc5 {[%emt 0:00:10]} 20. dxc5 {[%emt 0:00:25]} Qxc5 {[%emt 0:01:49]} 21. Qd4 {[%emt 0:01:05]} Qc3+ {[%emt 0:01:08]} 22. Kb1 {[%emt 0:00:21]} e5 {[%emt 0:04:04]} 23. Qd3 {[%emt 0:01:31]} Qxd3 {[%emt 0:00:47]} 24. cxd3 {[%emt 0:00:11]} Rg3 {[%emt 0:00:33]} 25. Rh3 {[%emt 0:00:54]} Rxh3 {[%emt 0:00:16]} 26. Nxh3 {[%emt 0:00:08]} Kg7 {[%emt 0:00:40]} 27. Nf2 {[%emt 0:03:48]} Rc3 {[%emt 0:00:44]} 28. Nd1 {[%emt 0:01:16]} Rc7 29. d4 {[%emt 0:00:47]} e4 {[%emt 0:00:27]} 30. Kb2 {[%emt 0:01:13]} Kg6 {[%emt 0:00:32]} 31. Nf2 {[%emt 0:03:04]} exf3 {[%emt 0:00:40]} 32. gxf3 {[%emt 0:00:29]} Re7 {[%emt 0:00:33]} 33. Re2 {[%emt 0:00:24]} h4 {[%emt 0:00:29]} 34. Nd3 {[%emt 0:01:42]} a5 {[%emt 0:00:22]} 35. Ne5+ {[%emt 0:06:33]} Kh5 {[%emt 0:00:29]} 36. Rh2 {[%emt 0:04:17]} Nd7 {[%emt 0:00:42]} 37. Nxd7 {[%emt 0:00:36]} Rxd7 {[%emt 0:00:05]} 38. Kc2 {[%emt 0:00:18]} f5 {[%emt 0:00:56]} 39. Kd3 {[%emt 0:02:21]} Rg7 {[%emt 0:00:22]} 40. Rh3 {[%emt 0:02:10]} Rg3 {[%emt 0:00:17]} 41. Rxg3 {[%emt 0:00:32]} hxg3 {[%emt 0:05:04]} 42. Ke2 {[%emt 0:00:08]} Kg5 {[%emt 0:06:30]} 43. Kf1 {[%emt 0:00:35]} h5 {[%emt 0:01:36]} 44. Kg2 {[%emt 0:00:24]} h4 {[%emt 0:01:23]} 45. Kh3 {[%emt 0:00:30]} Kh5 {[%emt 0:01:04]} 46. Kg2 {[%emt 0:01:15]} f4 {[%emt 0:04:15]} 47. e4 {[%emt 0:01:44]} dxe4 {[%emt 0:00:56]} 48. fxe4 {[%emt 0:00:02]} Kg4 {[%emt 0:00:13]} 49. d5 {[%emt 0:00:15]} h3+ {[%emt 0:00:58]} 0-1

[Event "45th Olympiad Budapest 2024"]
[Site "Budapest"]
[Date "2024.09.13"]
[Round "3"]
[Board "2"]
[White "Paasikangas, Johanna"]
[Black "La Fleur, Zara"]
[Result "1-0"]
[WhiteElo "2058"]
[BlackElo "1773"]
[PlyCount "77"]
[EventDate "2024.09.11"]
[EventType "team-tourn"]
[EventRounds "11"]
[EventCountry "HUN"]
[WhiteTeam "Finland"]
[BlackTeam "Trinidad & Tobago"]
[WhiteTeamCountry "FIN"]

1. e4 {[%emt 0:00:07]} e5 {[%emt 0:00:22]} 2. Nf3 {[%emt 0:00:10]} Nc6 {[%emt 0:00:20]} 3. Nc3 {[%emt 0:00:24]} Nf6 {[%emt 0:00:42]} 4. Bb5 {[%emt 0:01:19]} Bc5 {[%emt 0:08:39]} 5. O-O {[%emt 0:00:11]} d6 {[%emt 0:01:25]} 6. d4 {[%emt 0:03:05]} exd4 {[%emt 0:01:21]} 7. Nxd4 {[%emt 0:02:02]} Bd7 {[%emt 0:02:59]} 8. Bxc6 {[%emt 0:03:35]} bxc6 {[%emt 0:00:14]} 9. Bg5 {[%emt 0:01:11]} O-O {[%emt 0:05:22]} ({RR} 9... h6 10. Bh4 O-O 11. Nb3 Bb6 12. e5 dxe5 13. Ne4 g5 14. Nxf6+ Qxf6 15. Qxd7 gxh4 16. Rae1 Rae8 17. Re4 Re6 18. Qd1 h3 19. gxh3 Kh8 20. c4 Qf5 21. Rg4 a5 22. c5 Ba7 23. Kh1 Rg6 24. Qe2 {0-1 Willow,J (2255)-Adams,M (2775) London Chess Classic: Blitz A 2019 (10)}) 10. Nb3 {[%emt 0:00:43]} ({RR} 10. Qd3 Qe7 11. Rad1 h6 12. Bh4 g5 13. Bg3 Rae8 14. Rfe1 Nh5 15. Qf3 Nxg3 16. hxg3 Qe5 17. Nf5 Bxf5 18. exf5 Qxe1+ 19. Rxe1 Rxe1+ 20. Kh2 d5 21. Qh5 Kh7 22. Nd1 Re4 23. Nc3 Re1 24. Nd1 Re4 {½-½ Karagollu,A (2197)-Taspinar,Y (2311) TCh-TUR Super League 2024 (9.40)}) 10... Bb6 {[%emt 0:13:39]} 11. Qf3 {[%emt 0:04:00]} a6 $146 {[%emt 0:05:20]} ({RR} 11... Re8 12. Rfe1 Re6 13. e5 Qe8 14. Bxf6 gxf6 15. Ne4 fxe5 16. Nf6+ Rxf6 17. Qxf6 Qe6 18. Qxe6 Bxe6 19. Nd2 f5 20. Nf3 h6 21. b3 e4 22. Nh4 d5 23. Ng6 c5 24. Rad1 d4 25. Nf4 Bd7 26. a4 {0-1 Sonko,B (1810)-Durandeau,J (1947) Marseille op 2007 (7)}) ({RR} 11... Re8 12. Rfe1 h6 13. Bh4 Re6 14. Rad1 Qe7 15. a4 a5 16. Rd2 Re8 17. Rde2 Bc8 18. e5 dxe5 19. Ne4 Ba6 20. Rd2 g5 21. Nxg5 hxg5 22. Bxg5 e4 23. Qg3 Nh5 24. Qh4 f6 25. Bh6 Ng7 26. Nd4 {½-½ Grigoriadis,M (1965)-Harizopoulos,I (1643) GRE-chT 42nd 2014 (4.9)}) ({RR} 11... Re8 12. Na4 Re5 13. Bxf6 Qxf6 14. Qxf6 gxf6 15. Nxb6 axb6 16. Nd2 f5 17. f4 Rb5 18. b3 Rba5 19. a4 b5 20. e5 d5 21. Ra3 h6 22. Rfa1 c5 23. Nb1 bxa4 24. Nc3 d4 25. Nd5 Kg7 26. bxa4 {0-1 Kozlowski,J-Zielinski,M (1917) Polanica Zdroj op-B 44th 2008 (4)}) 12. e5 {[%emt 0:09:07]} dxe5 {[%emt 0:12:06]} 13. Rad1 {[%emt 0:02:14]} Qe7 {[%emt 0:09:17]} 14. Ne4 {[%emt 0:02:26]} Bg4 {[%emt 0:05:10]} 15. Qxg4 {[%emt 0:02:26]} Nxg4 {[%emt 0:02:36]} 16. Bxe7 {[%emt 0:00:09]} Rfe8 {[%emt 0:00:53]} 17. Bc5 {[%emt 0:00:52]} f5 {[%emt 0:01:49]} 18. Ng3 {[%emt 0:01:37]} g6 {[%emt 0:03:13]} 19. h3 {[%emt 0:00:20]} Nh6 {[%emt 0:00:31]} 20. Rd7 {[%emt 0:08:52]} Rad8 {[%emt 0:02:26]} 21. Rfd1 {[%emt 0:00:15]} Nf7 {[%emt 0:01:01]} 22. a4 {[%emt 0:02:38]} a5 {[%emt 0:02:11]} 23. Nf1 {[%emt 0:05:42]} Nd6 {[%emt 0:04:50]} 24. Rxd8 {[%emt 0:00:26]} Rxd8 {[%emt 0:00:11]} 25. Ne3 {[%emt 0:00:20]} Nb7 {[%emt 0:14:19]} 26. Rxd8+ {[%emt 0:04:21]} Nxd8 {[%emt 0:00:08]} 27. Nc4 {[%emt 0:00:22]} Nf7 {[%emt 0:01:38]} 28. Nxb6 {[%emt 0:00:50]} cxb6 {[%emt 0:00:07]} 29. Bxb6 {[%emt 0:00:05]} Nd6 {[%emt 0:00:26]} 30. Bxa5 {[%emt 0:00:10]} Nc4 {[%emt 0:00:13]} 31. Bc3 {[%emt 0:00:24]} Kf7 {[%emt 0:00:27]} 32. Nc5 {[%emt 0:02:53]} e4 {[%emt 0:00:29]} 33. a5 {[%emt 0:00:32]} Ke7 {[%emt 0:00:33]} 34. b3 {[%emt 0:00:33]} Nd6 {[%emt 0:01:43]} 35. Bb4 {[%emt 0:01:19]} Kd8 {[%emt 0:01:01]} 36. Ne6+ {[%emt 0:00:59]} Ke7 {[%emt 0:00:07]} 37. Bxd6+ {[%emt 0:00:41]} Kxe6 38. a6 {[%emt 0:00:17]} Kxd6 {[%emt 0:00:15]} 39. a7 {[%emt 0:00:06]} 1-0

[Event "45th Olympiad Budapest 2024"]
[Site "Budapest"]
[Date "2024.09.13"]
[Round "3"]
[Board "1"]
[White "Corrales Jimenez, Zenia"]
[Black "Bwalya Mulwale, Lubuuto"]
[Result "1/2-1/2"]
[WhiteElo "2170"]
[BlackElo "1852"]
[PlyCount "113"]
[EventDate "2024.09.11"]
[EventType "team-tourn"]
[EventRounds "11"]
[EventCountry "HUN"]
[WhiteTeam "Mexico"]
[BlackTeam "Zambia"]
[WhiteTeamCountry "MEX"]
[BlackTeamCountry "ZAM"]

1. e4 {[%emt 0:00:03]} c6 {[%emt 0:00:08]} 2. Nf3 {[%emt 0:00:47]} d5 {[%emt 0:00:58]} 3. Nc3 {[%emt 0:00:05]} dxe4 {[%emt 0:01:49]} 4. Nxe4 {[%emt 0:00:06]} Bf5 {[%emt 0:00:27]} 5. Ng3 {[%emt 0:00:37]} Bg6 {[%emt 0:00:21]} 6. h4 {[%emt 0:01:04]} h6 {[%emt 0:01:29]} 7. Ne5 {[%emt 0:01:40]} Bh7 {[%emt 0:18:24]} 8. Qh5 {[%emt 0:05:44]} g6 {[%emt 0:04:09]} 9. Bc4 {[%emt 0:01:01]} e6 {[%emt 0:03:17]} 10. Qe2 {[%emt 0:00:22]} Qe7 {[%emt 0:03:34]} 11. d4 {[%emt 0:11:53]} Nf6 {[%emt 0:03:49]} ({RR} 11... Nd7 12. Bd2 Bg7 13. O-O-O Nxe5 14. dxe5 O-O-O 15. Bc3 Rxd1+ 16. Rxd1 Qxh4 17. Ba5 Qf4+ 18. Kb1 Ne7 19. Ne4 Nd5 20. Nd6+ Kb8 21. g3 Qxe5 22. Qxe5 Bxe5 23. Nxf7 b6 24. Nxh8 Bxh8 25. Bd2 g5 26. Rh1 {1-0 Vashisht-Pigem,R (1809)-Fairhurst,F British Rapidplay 2024 (4.61)}) 12. Bf4 {[%emt 0:05:59]} Bg7 {[%emt 0:04:08]} 13. Qd2 {[%emt 0:13:53]} Nbd7 $146 {[%emt 0:08:07]} ({RR} 13... Bg8 14. O-O-O Nbd7 15. Rhe1 Nd5 16. Ne4 Nxf4 17. Qxf4 Nf6 18. Nc5 Nd5 19. Qg3 Bf6 20. Qb3 Bxe5 21. Rxe5 b6 22. Qa4 b5 23. Qa6 Qc7 24. Bxd5 cxd5 25. Qxb5+ Ke7 26. Qb4 Kf6 27. h5 Bh7 28. hxg6 {1-0 Atlas,V (2387)-Kuehn,P (2440) SUI-chT Switzerland 2003 (5.3)}) 14. Nxd7 {[%emt 0:10:42]} Qxd7 {[%emt 0:05:58]} 15. O-O-O {[%emt 0:00:19]} h5 {[%emt 0:05:49]} 16. Kb1 {[%emt 0:06:01]} O-O {[%emt 0:10:22]} 17. Bh6 {[%emt 0:02:50]} b5 {[%emt 0:04:09]} 18. Bxg7 {[%emt 0:00:37]} Kxg7 {[%emt 0:00:04]} 19. Be2 {[%emt 0:00:08]} Rfd8 {[%emt 0:02:02]} 20. Qe3 {[%emt 0:07:08]} Rac8 {[%emt 0:02:57]} 21. Bf3 {[%emt 0:04:04]} Qc7 {[%emt 0:03:19]} 22. Qg5 {[%emt 0:03:54]} Rd7 {[%emt 0:03:28]} 23. Rd2 {[%emt 0:08:21]} Rcd8 {[%emt 0:03:31]} 24. Rhd1 {[%emt 0:00:07]} a6 {[%emt 0:02:04]} 25. Rd3 {[%emt 0:03:15]} a5 {[%emt 0:01:37]} 26. Be4 {[%emt 0:03:53]} Nxe4 {[%emt 0:02:48]} 27. Nxe4 {[%emt 0:00:05]} Rd5 {[%emt 0:00:35]} 28. Qf6+ {[%emt 0:00:06]} Kg8 {[%emt 0:01:07]} 29. Rf3 {[%emt 0:00:58]} Rf5 {[%emt 0:01:17]} 30. Rxf5 {[%emt 0:00:44]} exf5 {[%emt 0:00:51]} 31. Ng5 {[%emt 0:01:32]} Rd6 {[%emt 0:01:01]} 32. Qe5 {[%emt 0:00:03]} Qd7 {[%emt 0:00:52]} 33. Nf3 {[%emt 0:04:11]} f6 {[%emt 0:00:41]} 34. Qc5 {[%emt 0:00:33]} Kg7 {[%emt 0:01:10]} 35. Re1 {[%emt 0:02:19]} Bg8 {[%emt 0:00:13]} 36. b3 {[%emt 0:02:01]} Bd5 {[%emt 0:00:28]} 37. Kb2 {[%emt 0:00:53]} Bxf3 {[%emt 0:00:29]} 38. gxf3 Kf7 {[%emt 0:00:34]} 39. Kc3 {[%emt 0:01:06]} Rd5 {[%emt 0:00:30]} 40. Qb6 {[%emt 0:00:09]} Rd6 {[%emt 0:00:54]} 41. Qc5 {[%emt 0:01:18]} Rd5 {[%emt 0:00:20]} 42. Qb6 {[%emt 0:00:12]} Rd6 {[%emt 0:00:31]} 43. Qxa5 {[%emt 0:00:25]} Rxd4 {[%emt 0:00:27]} 44. Re3 {[%emt 0:00:26]} Rd1 {[%emt 0:00:41]} 45. Rd3 {[%emt 0:00:14]} Rxd3+ {[%emt 0:00:16]} 46. cxd3 Qd6 {[%emt 0:00:27]} 47. Qa7+ {[%emt 0:00:16]} Ke6 {[%emt 0:00:23]} 48. d4 {[%emt 0:21:11]} Qd5 {[%emt 0:03:42]} 49. Qg7 {[%emt 0:01:35]} Qxf3+ {[%emt 0:05:04]} 50. Kb4 {[%emt 0:00:07]} Qxf2 {[%emt 0:11:13]} 51. Qg8+ {[%emt 0:01:22]} Kd7 {[%emt 0:03:05]} 52. Qf7+ {[%emt 0:01:11]} Kc8 {[%emt 0:01:12]} 53. Qxf6 {[%emt 0:03:36]} Qg2 {[%emt 0:01:51]} 54. Qf8+ {[%emt 0:02:32]} Kc7 {[%emt 0:01:27]} 55. Qe7+ {[%emt 0:00:19]} Kc8 {[%emt 0:01:00]} 56. Qe8+ {[%emt 0:00:55]} Kc7 {[%emt 0:00:28]} 57. Qe7+ {[%emt 0:01:02]} 1/2-1/2

[Event "45th Olympiad Budapest 2024"]
[Site "Budapest"]
[Date "2024.09.13"]
[Round "3"]
[Board "2"]
[White "Likando, Namakau"]
[Black "Miranda Rodriguez, Tania"]
[Result "0-1"]
[WhiteElo "1746"]
[BlackElo "2090"]
[PlyCount "84"]
[EventDate "2024.09.11"]
[EventType "team-tourn"]
[EventRounds "11"]
[EventCountry "HUN"]
[WhiteTeam "Zambia"]
[BlackTeam "Mexico"]
[WhiteTeamCountry "ZAM"]
[BlackTeamCountry "MEX"]

1. e4 {[%emt 0:00:08]} e5 {[%emt 0:00:26]} 2. d4 {[%emt 0:00:46]} exd4 {[%emt 0:00:10]} 3. Bc4 {[%emt 0:00:25]} Nc6 {[%emt 0:01:06]} 4. Nf3 {[%emt 0:00:18]} Bc5 {[%emt 0:00:53]} 5. c3 {[%emt 0:00:43]} Nf6 {[%emt 0:00:23]} 6. e5 {[%emt 0:00:44]} d5 {[%emt 0:00:29]} 7. Bb3 {[%emt 0:02:01]} Ne4 {[%emt 0:01:20]} 8. cxd4 {[%emt 0:00:30]} Bb4+ {[%emt 0:02:35]} 9. Bd2 {[%emt 0:00:41]} Nxd2 {[%emt 0:02:04]} 10. Nbxd2 {[%emt 0:00:46]} Bg4 {[%emt 0:01:27]} 11. Ba4 {[%emt 0:03:57]} O-O {[%emt 0:03:06]} 12. Bxc6 {[%emt 0:00:18]} Bxf3 $146 {[%emt 0:10:22]} ({RR} 12... bxc6 13. Rc1 Qd7 14. Qa4 Bxf3 15. gxf3 Bxd2+ 16. Kxd2 Rab8 17. Rc2 Qf5 18. Ke2 f6 19. Qxc6 fxe5 20. Qxd5+ Kh8 21. Rhc1 exd4 22. Qxf5 Rxf5 23. Rxc7 Rxb2+ 24. R1c2 Rxc2+ 25. Rxc2 h6 26. a4 Kh7 27. Rc4 {½-½ Szokolszky,M (1761)-Szukics,A (1626) HUN-ch U12 Celldoemoelk 2011 (5)}) ({RR} 12... bxc6 13. Rc1 Bd7 14. h3 Re8 15. O-O Rb8 16. Qc2 h6 17. a3 Ba5 18. b4 Bb6 19. Nb3 Qc8 20. Kh2 Qa6 21. Ra1 Qa4 22. Rfc1 a5 23. bxa5 Bxa5 24. Nxa5 Qxa5 25. Qc5 Rb5 26. Qc3 Qa4 27. Qc2 {0-1 Vaiciunas,G (1039)-Perminaite,G (1880) Klaipeda Sea op-A 15th 2018 (2)}) ({RR} 12... bxc6 13. a3 Bxd2+ 14. Qxd2 f6 15. Qe3 Bxf3 16. gxf3 fxe5 17. dxe5 Qe7 18. Rg1 Rf5 19. f4 Raf8 20. O-O-O Rxf4 21. Rd4 Qc5+ 22. Kb1 Qxd4 23. Qc1 Rxf2 24. e6 Rxb2+ {0-1 Johnson,M (2055)-Beukema,C (1811) Groningen op-B 55th 2017 (5)}) 13. Qxf3 {[%emt 0:15:47]} bxc6 {[%emt 0:03:38]} 14. Qe3 {[%emt 0:00:49]} c5 {[%emt 0:13:05]} 15. O-O {[%emt 0:03:04]} cxd4 {[%emt 0:04:27]} 16. Qxd4 {[%emt 0:01:07]} c5 {[%emt 0:00:23]} 17. Qd3 {[%emt 0:00:29]} Qe7 {[%emt 0:06:43]} 18. Nf3 {[%emt 0:04:32]} Rfd8 {[%emt 0:00:39]} 19. Rad1 {[%emt 0:04:02]} a5 {[%emt 0:04:49]} 20. Qf5 {[%emt 0:10:56]} a4 {[%emt 0:03:07]} 21. a3 {[%emt 0:02:45]} Ba5 {[%emt 0:00:17]} 22. Rc1 {[%emt 0:08:53]} h6 {[%emt 0:03:11]} 23. h3 {[%emt 0:05:17]} Bb6 {[%emt 0:05:15]} 24. Rfe1 {[%emt 0:01:56]} Qe6 {[%emt 0:01:12]} 25. Qc2 {[%emt 0:12:13]} c4 {[%emt 0:03:31]} 26. Red1 {[%emt 0:02:03]} Rd7 {[%emt 0:06:18]} 27. Rd2 {[%emt 0:05:28]} Bc7 {[%emt 0:01:03]} 28. Re2 {[%emt 0:02:02]} Qb6 {[%emt 0:02:56]} 29. Rd1 {[%emt 0:02:34]} Ra6 {[%emt 0:00:54]} 30. Nd4 {[%emt 0:01:22]} Qg6 {[%emt 0:04:06]} 31. Qxg6 {[%emt 0:01:33]} Rxg6 {[%emt 0:00:12]} 32. e6 {[%emt 0:01:53]} fxe6 {[%emt 0:02:12]} 33. Rxe6 {[%emt 0:01:32]} Rxe6 {[%emt 0:01:40]} 34. Nxe6 {[%emt 0:00:07]} Bb6 {[%emt 0:00:17]} 35. Rc1 {[%emt 0:01:15]} Rf7 {[%emt 0:01:06]} 36. Rc2 {[%emt 0:02:11]} Rf6 {[%emt 0:00:21]} 37. Re2 {[%emt 0:02:21]} Kf7 {[%emt 0:00:13]} 38. Ng5+ {[%emt 0:01:16]} hxg5 {[%emt 0:00:08]} 39. g3 {[%emt 0:00:25]} d4 {[%emt 0:02:46]} 40. Re5 {[%emt 0:00:36]} d3 {[%emt 0:00:26]} 41. Rb5 {[%emt 0:00:32]} d2 {[%emt 0:01:28]} 42. Rd5 {[%emt 0:00:21]} Rxf2 {[%emt 0:00:23]} 0-1